1773 1979 1670 1694 1722 1785 1021 1887 1688 1219 1267 1634 1672 1060 1970 1614 1304 1259 1126 1655 1594 1080 1861 1578 1337 1740 1152 1812 1960 1736 1321 1671 1942 1599 1884 1918 1695 1092 1964 1105 1467 1905 1217 1444 1589 1105 1529 1535 1707 1538 1388 1067 1452 1639 1830 1716 1588 1918 1337 1983 1541 1837 1865 1540 1506 1162 1534 1978 1390 1402 1360 1518 1740 1755 1797 1003 1825 1408 1211 1262 1027 1612 1655 1548 1206 1265 1069 1516 1218 1886 1006 1352 1729 1522 1709 1658 1208 1297 1861 BCNSPRNW ULIB Ver.6.0+V

เปลี่ยนเป็นภาษาไทย

Change to English
 แสดงรายละเอียดบรรณานุกรม
  กลับหน้าหลัก

Brief Record : Get Marc (ISO 2709) : E-mail record : QR code < ปิดหน้าต่าง
LEADER : 00000nam 2200000uu 4500
001    13399112139
003     ULIB
008    110627s2546||||th 000 0 tha d
020    9789744729996
090    นว.^bอ164ก 2546
245 00 เก็บหัวใจไว้ใกล้รัก/^c
250    พิมพ์ครั้งที่ 3
260    กรุงเทพฯ :^bนามมีบุ๊คส์พับลิเคชั่นส์,^c2546
300    208 หน้า
710 1  นามมีบุ๊คส์พับลิเคชั่นส์
945    ^p125^l0^i020516
995    ทศพร
999 ^a ใช้งานได้ทุกระบบ
รายการนี้ยังไม่มีแท็ก
คุณยังไม่ได้ล็อกอิน คุณสามารถมีกิจกรรมร่วมกับเว็บไซต์ได้ แต่ต้องล็อกอินก่อน ::
  ล็อกอิน

รายการสื่อสารสนเทศ

ลำดับที่ ประเภท เลขเรียก/บาร์โค้ด สถานที่ สถานะ
- ไม่พบข้อมูล -

BibComment


ยังไม่เคยถูกคอมเมนท์

คอมเมนท์ทรัพยากรรายการนี้
  คอมเมนท์: เก็บหัวใจไว้ใกล้ร..


 Copyright 2026. Bcnsprnw @Library